000 00903nam a2200265 i 4500
001 134911
003 ES-MaACL
005 20230906194753.0
007 t|
008 070703s1976 sp ||||1| spa d
020 _a84-600-1005-8
080 _a542.7(043.2)
080 _a533.587(043.2)
100 1 _aTijero Miguel, Julio.
_9110252
245 1 4 _aLos rellenos de malla en la absorción de gases nitrosos /
_cJulio Tijero Miquel.
260 _aMadrid :
_bUniversidad Complutense, Cátedra de Química Industrial,
_c1976.
300 _a167 p. :
_bil. ;
_c24 cm.
490 1 _aTesis doctorales Universidad-Empresa
502 _aTesis-Univ. Complutense de Madrid.
650 _aGases-
_xAbsorción y adsorción.
_9143447
710 2 _aUniversidad Complutense de Madrid.
_97098
830 1 _aTesis doctorales Universidad-Empresa
_9219888
852 _aES-MaACL
_jA-9935
999 _c134911
_d134911